Catálogo
 En Linea

Lira íntima / (Registro nro. 19880)

Detalles MARC
000 -CABECERA
campo de control de longitud fija 00517nam a2200169 u 4500
001 - NÚMERO DE CONTROL
campo de control 000020376
005 - FECHA Y HORA DE LA ÚLTIMA TRANSACCIÓN
campo de control 20200929170406.0
008 - DATOS DE LONGITUD FIJA--INFORMACIÓN GENERAL
campo de control de longitud fija 100813s19uu sp 000 0 spa d
040 ## - FUENTE DE LA CATALOGACIÓN
Centro catalogador/agencia de origen DO-SdBNP
Lengua de catalogación spa
Centro/agencia transcriptor BNPHU
082 ## - NÚMERO DE LA CLASIFICACIÓN DECIMAL DEWEY
Número de clasificación xxxxxxxx
Número de documento/Ítem xxxxxxxx
100 1# - ENTRADA PRINCIPAL--NOMBRE DE PERSONA
Nombre de persona José Martí
9 (RLIN) 43038
245 10 - MENCIÓN DE TÍTULO
Título Lira íntima /
Mención de responsabilidad, etc. José Martí ; prólogo Alberto Ghiraldo.
260 ## - PUBLICACIÓN, DISTRIBUCIÓN, ETC.
Lugar de publicación, distribución, etc. Madrid, :
Nombre del editor, distribuidor, etc. Atlántida,
Fecha de publicación, distribución, etc. [19--].
300 ## - DESCRIPCIÓN FÍSICA
Extensión v. ;
Dimensiones 20 cm.
500 ## - NOTA GENERAL
Nota general La biblioteca posee el volumen 2
700 1# - PUNTO DE ACCESO ADICIONAL--NOMBRE DE PERSONA
Nombre de persona Ghiraldo, Alberto,
Término indicativo de función/relación pról.
9 (RLIN) 43039
Existencias
Estado de retiro Estado de pérdida Restricciones de uso No para préstamo Código de colección Localización permanente Ubicación/localización actual Ubicación en estantería Fecha de adquisición Número de inventario Total de préstamos Signatura topográfica completa Código de barras Fecha visto por última vez Precio válido a partir de Tipo de ítem Koha Nota pública Número de copia
        Monografías: Libros y Folletos General General Depósito 25.11.2010 LF1   xxxxxxxx xxxxxxxx 20376-10 25.06.2020 25.06.2020 Préstamo en sala Perteneció a la biblioteca personal de Viviani Luna.  
  Extraviado   Excluido de préstamo Monografías: Libros y Folletos General General Extraviado 10.05.2017 LF1   xxxxxxxx xxxxxxxx 20376-20 25.06.2020 25.06.2020 No se presta   e. 2

Con tecnología Koha